Los formadores de jóvenes en América Latina: desafíos, experiencias y propuestas. Informe final del Seminario Internacional organizado conjuntamente por la Oficina Internacional de Educación y la Administración Nacional de Educación Pública del Uruguay que se realizó del 31 de julio al 2 de agosto de 2000 en Maldonado, Uruguay
Uloženo v:
| Hlavní autoři: | , , |
|---|---|
| Médium: | Kniha |
| Jazyk: | španělština |
| Vydáno: |
Ginebra
Oficina Internacional de Educación
2001
Ginebra Administración Nacional de Educación Pública 2001 |
| Témata: | |
| Tagy: |
Přidat tag
Žádné tagy, Buďte první, kdo vytvoří štítek k tomuto záznamu!
|
MARC
| LEADER | 00000nam a2200000 a 4500 | ||
|---|---|---|---|
| 001 | UCG6359 | ||
| 003 | CL-VaPUC | ||
| 005 | 20220526074501.0 | ||
| 008 | 110421e20010000sz 1 spa d | ||
| 044 | |a sz |2 marc | ||
| 044 | |a sz |2 marc | ||
| 082 | 0 | 4 | |a 371.1 |b BRA |2 21 |
| 100 | 1 | |a Braslavsky, Cecilia |e author |9 621767 | |
| 700 | 1 | |a Dussel, Inés |e author |9 621768 | |
| 700 | 1 | |a Scaliter, Paula |e author |9 621769 | |
| 245 | 1 | 4 | |a Los formadores de jóvenes en América Latina: desafíos, experiencias y propuestas. Informe final del Seminario Internacional organizado conjuntamente por la Oficina Internacional de Educación y la Administración Nacional de Educación Pública del Uruguay que se realizó del 31 de julio al 2 de agosto de 2000 en Maldonado, Uruguay |
| 260 | |a Ginebra |b Oficina Internacional de Educación |c 2001 | ||
| 260 | |a Ginebra |b Administración Nacional de Educación Pública |c 2001 | ||
| 300 | |a 97 p | ||
| 583 | |a last modification |c 20171130 01:22:35 |k Rodrigo Vera | ||
| 650 | 0 | 7 | |a FORMACION PROFESIONAL DEL DOCENTE |2 CL-VaPUC |9 462587 |
| 650 | 0 | 0 | |a Rol del docente |9 329733 |
| 650 | 0 | 0 | |a Formación docente |9 494449 |
| 651 | 0 | |a Uruguay |9 255194 | |
| 942 | |c BK | ||
| 945 | |a dcastane |d 20110421 00:00:00 | ||
| 546 | |a En Español | ||
| 536 | |a Oficina Internacional de Educación | ||
| 536 | |a Administración Nacional de Educación Pública | ||
| 518 | |p Los formadores de jóvenes en América Latina: desafíos, experiencias y propuestas, Maldonado, Uruguay, 31 de julio al 2 de agosto 2000 | ||
| 999 | |c 384614 |d 384612 | ||
| 952 | |0 0 |1 0 |4 0 |6 371_100000000000000_BRA_2001 |7 0 |8 A |9 507453 |a BIBCUR |b BIBCUR |d 2020-01-23 |i 4741528 |o 371.1 BRA 2001 |p 4741528 |r 2025-04-22 |w 2020-01-23 |y BK |k BCB | ||